Markets (Record no. 84088)

MARC details
000 -LEADER
fixed length control field 00963cab a22002055a 4500
001 - CONTROL NUMBER
control field L156571
008 - FIXED-LENGTH DATA ELEMENTS--GENERAL INFORMATION
fixed length control field 120611e2012 xxk 000 0 eng d
035 ## - SYSTEM CONTROL NUMBER
System control number (Sirsi) u156571
041 0# - LANGUAGE CODE
Language code of text/sound track or separate title eng
100 1# - MAIN ENTRY--PERSONAL NAME
Personal name Sandher, Hardeep
245 00 - TITLE STATEMENT
Title Markets
Remainder of title Yorkshire and Humber
260 ## - PUBLICATION, DISTRIBUTION, ETC.
Date of publication, distribution, etc. 2012
490 #0 - SERIES STATEMENT
Series statement Property Week
Volume/sequential designation 78(23) 8 June 2012, 51-58(5)
520 ## - SUMMARY, ETC.
Summary, etc. Round-up of commercial property sector news from the Yorkshire and Humber region: imminent office pre-let decisions could spark mini building boom in Leeds; York City Football Club's new stadium comes closer to being built but uncertainty hangs over two neighbouring retail developments; protests against eight year lack of progress on Westfield Bradford; and The Range is in talks to take over CBRE Global Investors' 750 000 sq ft distribution centre in Thorne near Doncaster.
590 ## - LOCAL NOTE (RLIN)
Local note KA
651 #4 - SUBJECT ADDED ENTRY--GEOGRAPHIC NAME
Geographic name Yorkshire
651 #4 - SUBJECT ADDED ENTRY--GEOGRAPHIC NAME
Geographic name Humber
690 ## - LOCAL SUBJECT ADDED ENTRY--TOPICAL TERM (OCLC, RLIN)
Topical term or geographic name as entry element Commercial property
9 (RLIN) 6227
942 ## - ADDED ENTRY ELEMENTS (KOHA)
Suppress in OPAC 0
Holdings
Withdrawn status Lost status Source of classification or shelving scheme Damaged status Not for loan Home library Current library Shelving location Date acquired Total Checkouts Full call number Barcode Date last seen Copy number Price effective from Koha item type
    Dewey Decimal Classification     London London Journal article 11/06/2012   L156571 156571-1001 06/08/2019 1 06/08/2019 Journal article